000 00492nam a2200169 i 4500
001 82665
003 ES-MaACL
005 20231229063021.0
007 t|
008 041111s1964 sp ||||1| spa d
100 1 _aIniesta Coullaut-Valera, Enrique,
_d1930-2010
_965312
245 1 3 _aUn abrigo y un vaso de vodka /
_cEnrique Iniesta.
260 _aSalamanca :
_bSígueme,
_c1964.
300 _a135 p. ;
_c19 cm.
852 _aES-MaACL
_jC-26081
_bR.54819
999 _c82665
_d82665